| 000 | 00786cam a22002533a 4500 | ||
|---|---|---|---|
| 001 | 17985 | ||
| 003 | PGUSA | ||
| 005 | 20140828083401.0 | ||
| 008 | 060314s2006||||xxu|||||s|||||000 1 eng d | ||
| 040 |
_aPGUSA _beng |
||
| 042 | _adc | ||
| 050 | 4 | _aPZ | |
| 100 | 1 | _aAppleton, Victor, II | |
| 245 | 1 | 0 |
_aTom Swift and The Visitor from Planet X _h[electronic resource] / _cVictor, II Appleton |
| 260 |
_bProject Gutenberg, _c2006 |
||
| 506 | _aPublic domain in the USA. | ||
| 516 | _aElectronic text | ||
| 653 | _aSwift, Tom (Fictitious character) -- Juvenile fiction | ||
| 653 | _aExtraterrestrial beings -- Juvenile fiction | ||
| 653 | _aEarthquakes -- Juvenile fiction | ||
| 830 | 0 |
_aProject Gutenberg _v17985 |
|
| 856 | 4 | 0 | _uhttp://www.gutenberg.org/ebooks/17985 |
| 942 | _cEB | ||
| 999 |
_c247240 _d247240 |
||